00257nam a2200109Ia 4500100001900000654001800019245004900037260002600086082001500112300000800127546001200135 aBakir/Qurashi  ainternational aInternational Conference on Personnal wire bIEEEaNew Delhic1997 a384.5bBAK a540 aENGLISH